000
00317nam a22001457a 4500
008
221220b ||||| |||| 00| 0 eng d
020
_a
9780983085409
041
_a
eng
080
_a
610.73
082
_a
610.73MAT
100
_a
8
101
_a
INF
245
_a
REPUBLIC OF NURSES
_c
MATHIS D SH
942
_2
udc
_c
BK
999
_c
59212
_d
59212